000 00601nam a22002177a 4500
003 UA-OsUOA
001 46665
007 ta
008 20070704b un ||||| |||| 00| 0 ukr d
100 _aВекуа Н.
090 _a81
_bВ-12
942 _cSA
040 _aUA-OsUOA
_bfre
_cUA-OsUOA
_dUA-OsUOA
245 _aАнтонімія як лексико-семантичне явище
300 _aС.26-33
955 _a0
041 _afre
080 _a81
773 0 _w46662
650 7 _a8 Мовознавство. Художня література. Літературознавство
_2UDC
999 _c332757
_d332757